Catalogue de la Bibliothèque de l'ENSA

Optimazing sowing date of faba bean for grain yield and to counter leaf miner liriomyza (burg) in new halfa. Sudan (notice nᵒ 13974)

détails MARC
000 -LEADER
fixed length control field 00510nam a2200181Ia 4500
008 - FIXED-LENGTH DATA ELEMENTS--GENERAL INFORMATION
fixed length control field 160105s9999 xx 000 0 und d
041 ## - LANGUAGE CODE
Language code of text/sound track or separate title eng
100 ## - MAIN ENTRY--PERSONAL NAME
Personal name ABDALLA, T.E.E.
245 ## - TITLE STATEMENT
Title Optimazing sowing date of faba bean for grain yield and to counter leaf miner liriomyza (burg) in new halfa. Sudan
260 ## - PUBLICATION, DISTRIBUTION, ETC.
Place of publication, distribution, etc Alger
260 ## - PUBLICATION, DISTRIBUTION, ETC.
Date of publication, distribution, etc 1995
300 ## - PHYSICAL DESCRIPTION
Other physical details tabl., graph.
653 ## - INDEX TERM--UNCONTROLLED
Uncontrolled term LIRIOMYZA TRIFOLIR
654 ## - SUBJECT ADDED ENTRY--FACETED TOPICAL TERM
General subdivision VICIA FABA/OROBANCHE
942 ## - ADDED ENTRY ELEMENTS (KOHA)
Koha item type Article
994 ## -
-- 114221

Pas d'exemplaire disponible.

Adresse: Ecole Nationale Supérieure Agronomique Hassen Badi - El Harrach Alger, Algérie

Tél +213 (0) 23 82 85 07+213 (0) 23 82 85 12 Fax +213 23 82 85 03/04 Courriel: bibliotheque@edu.ensa.dz